| 000 | 007340000a22003250004500 | ||
|---|---|---|---|
| 082 |
_a342.02481 _bN83c _cCA |
||
| 518 | _a2008-02-10 | ||
| 530 | _aM | ||
| 245 | _aThe constitution of the Kingdom of Norway | ||
| 260 | _aOslo | ||
| 260 | _cn.d. | ||
| 300 | _a16p. | ||
| 041 | _aEng | ||
| 650 | _aConstitutions | ||
| 650 | _aPolitical system | ||
| 650 | _aMonarchy | ||
| 650 | _aExecutive powers | ||
| 650 | _aParliamentary practices | ||
| 650 | _aGovernment | ||
| 650 | _aReligion | ||
| 650 | _aRoyal family | ||
| 650 | _aKings and rulers | ||
| 650 | _aJudicial power | ||
| 650 | _aCivil rights | ||
| 651 | _aNorway | ||
| 651 | _aOslo | ||
| 650 | _aThe Storting | ||
| 005 | 20120907085013.0 | ||
| 942 | _cGEN | ||
| 999 |
_c43648 _d43648 |
||